LEADER 01739nam 2200601 a 450 001 9910671840103321 005 20221108052226.0 010 $a1-4492-0587-9 035 $a(CKB)1000000000763322 035 $a(EBL)3177024 035 $a(OCoLC)923022231 035 $a(SSID)ssj0001021108 035 $a(PQKBManifestationID)11552003 035 $a(PQKBTitleCode)TC0001021108 035 $a(PQKBWorkID)10991937 035 $a(PQKB)11155716 035 $a(MiAaPQ)EBC3177024 035 $a(OCoLC)1105498367 035 $a(FlNmELB)ELB34251 035 $a(EXLCZ)991000000000763322 100 $a20130510d2008 uy 0 101 0 $aspa 135 $aur|n|---||||| 181 $ctxt 182 $cc 183 $acr 200 10$aDelitos de infraccio?n de deber$b[recurso electronico]$fYva?n Figueroa Ortega 210 $aMadrid $cDykinson$d2008 215 $a1 online resource (312 p.) 225 0 $aCuadernos "Luis Jime?nez de Asu?a" ;$v37 300 $aDescription based upon print version of record. 311 $a84-9849-266-1 327 $a2) La imputacio?n objetiva del hecho 606 $aResponsabilidad 606 $aDelitos 606 $aCriminal liability 606 $aOmission, Criminal 610 $aResponsabilidad penal 610 $aDelitos por omisio?n 615 4$aResponsabilidad. 615 4$aDelitos. 615 0$aCriminal liability. 615 0$aOmission, Criminal. 676 $a345.04 700 $aFigueroa Ortega$b Yva?n$01334335 712 02$ae-libro, Corp. 801 0$bMiAaPQ 801 1$bMiAaPQ 801 2$bMiAaPQ 906 $aBOOK 912 $a9910671840103321 996 $aDelitos de infraccio?n de deber$93045438 997 $aUNINA LEADER 00867nam 2200253la 450 001 9910482545203321 005 20221102161415.0 035 $a(UK-CbPIL)2090364094 035 $a(CKB)5500000000091721 035 $a(EXLCZ)995500000000091721 100 $a20221102d1603 uy | 101 0 $aita 135 $aurcn||||a|bb| 200 10$aPrima [seconda, terza] parte de' secreti ... di nuovo aggiontovi la quarta parte / [Piemontese Alessio] 210 $aVenice $cLucio Spineda$d1603 215 $aOnline resource (2 pts. , (8vo)) 300 $aReproduction of original in The Wellcome Library, London. 700 $aRuscelli$b Girolamo$fapproximately 1565.$0196031 801 0$bUk-CbPIL 801 1$bUk-CbPIL 906 $aBOOK 912 $a9910482545203321 996 $aPrima parte de' secreti ... di nuovo aggiontovi la quarta parte$92267226 997 $aUNINA